[Event "WYCC U18 Girls 2019"]
[Site "Mumbai"]
[Date "2019.10.05"]
[Round "5.14"]
[White "Zeliantsova, Kseniya"]
[Black "Tanishka, Kotia"]
[Result "1-0"]
[WhiteElo "1994"]
[BlackElo "2090"]
[Annotator "NA RC"]
[PlyCount "79"]
[EventDate "2019.10.02"]
[EventType "swiss"]
[EventCountry "IND"]
[SourceTitle "playchess.com"]
[Source "ChessBase"]
[SourceQuality "1"]
[TimeControl "40/5400+30:1800+30"]

1. e4 c5 2. Nf3 Nc6 3. Bb5 g6 4. O-O Bg7 5. Re1 Nf6 6. c3 O-O 7. h3 a6 8. Bxc6 dxc6 9. d4 {B31: Sicilian: 2...Nc6 3 Bb5 g6} Be6 10. Nbd2 $146 ({Predecessor:} 10. Qc2 cxd4 11. cxd4 Rc8 12. Be3 Re8 13. Ng5 Qd7 14. Nd2 h6 15. Nxe6 Qxe6 16. a4 Red8 {1-0 (45) Pasko,P (2482)-Sampieri,M (2376) ICCF email 2011}) 10... cxd4 11. cxd4 Qb6 12. Qc2 Rac8 13. Nf1 c5 14. d5 Bd7 15. Ne3 e6 16. Nc4 Qa7 17. d6 Rfd8 (17... b5 $14 18. Nce5 Ne8) 18. Bg5 h6 19. Bh4 $16 g5 20. Bg3 b5 21. Nce5 Bc6 22. Rad1 Ba8 23. Ng4 Nh5 24. Bh2 f6 25. Qe2 e5 26. Ne3 Bxe4 27. Nxg5 hxg5 28. Qxh5 Rc6 29. d7 Qb8 30. h4 gxh4 31. Ng4 Bh7 32. Qxh4 Qc7 33. Qh5 Qb8 34. Re3 Rd6 35. Rde1 R8xd7 36. Rh3 Bf8 37. Nxe5 Re6 38. Qg4+ Kh8 39. Qxe6 Qd6 40. Nf7+ 1-0

[Event "WYCC U18 Girls 2019"]
[Site "Mumbai"]
[Date "2019.10.06"]
[Round "6.1"]
[White "Radeva, Viktoria"]
[Black "Shuvalova, Polina"]
[Result "0-1"]
[WhiteElo "2277"]
[BlackElo "2412"]
[Annotator "ChessBase"]
[PlyCount "114"]
[EventDate "2019.10.02"]
[EventType "swiss"]
[EventCountry "IND"]
[SourceTitle "playchess.com"]
[Source "ChessBase"]
[SourceQuality "1"]
[TimeControl "40/5400+30:1800+30"]

1. e4 {[%emt 0:00:00]} e5 {[%emt 0:00:00]} 2. Bc4 {[%emt 0:00:00]} Nf6 {[%emt 0:00:50]} 3. d3 {[%emt 0:00:00]} c6 {[%emt 0:03:28]} 4. Nf3 {[%emt 0:00:08]} d5 {[%emt 0:00:22]} 5. Bb3 {[%emt 0:00:05]} Bb4+ {[%emt 0:00:42]} 6. c3 {[%emt 0:00:24]} Bd6 {[%emt 0:00:37]} 7. exd5 {[%emt 0:00:07]} cxd5 {[%emt 0:00:52]} 8. Bg5 {[%emt 0:00:15]} Be6 {[%emt 0:01:26]} 9. O-O {[%emt 0:00:40]} Nbd7 {[%emt 0:03:47]} 10. c4 {[%emt 0:01:19]} d4 {[%emt 0:02:49]} 11. Nbd2 {[%emt 0:00:33]} O-O {[%emt 0:03:18]} 12. Re1 {[%emt 0:00:13]} Qc7 {[%emt 0:04:34]} 13. Ba4 {[%emt 0:07:27]} Nc5 {[%emt 0:08:34]} 14. Bc2 {[%emt 0:15:09]} a5 {[%emt 0:04:22]} 15. Bxf6 {[%emt 0:08:06]} gxf6 {[%emt 0:00:04]} 16. Ne4 {[%emt 0:02:26]} Be7 {[%emt 0:07:08]} 17. Nxc5 {[%emt 0:28:47]} Qxc5 {[%emt 0:01:58]} 18. Nd2 {[%emt 0:00:38]} Kh8 {[%emt 0:06:35]} 19. Qh5 {[%emt 0:02:11]} Rg8 {[%emt 0:01:44]} 20. Bd1 {[%emt 0:02:30]} Qb4 {[%emt 0:04:24]} 21. Qe2 {[%emt 0:09:53]} Qxb2 {[%emt 0:03:10]} 22. Rb1 {[%emt 0:06:28]} Qxa2 {[%emt 0:01:27]} 23. Bb3 {[%emt 0:00:19]} Qa3 {[%emt 0:00:48]} 24. Ne4 {[%emt 0:00:33]} Bd8 {[%emt 0:03:57]} 25. Bc2 {[%emt 0:03:54]} Qe7 {[%emt 0:00:42]} 26. Ba4 {[%emt 0:02:06]} b6 {[%emt 0:06:22]} 27. Bc6 {[%emt 0:02:51]} Rc8 {[%emt 0:02:44]} 28. Bb5 {[%emt 0:00:06]} Bc7 {[%emt 0:00:44]} 29. Ng3 f5 {[%emt 0:01:29]} 30. Bc6 {[%emt 0:04:15]} Rg6 {[%emt 0:03:20]} 31. Rb5 {[%emt 0:02:32]} f4 {[%emt 0:03:01]} 32. Be4 {[%emt 0:00:45]} Rg5 {[%emt 0:02:46]} 33. Nf1 {[%emt 0:00:33]} Rcg8 {[%emt 0:00:09]} 34. g3 {[%emt 0:00:43]} Bd7 {[%emt 0:05:02]} 35. Rb2 {[%emt 0:00:27]} a4 {[%emt 0:00:18]} 36. Qd1 {[%emt 0:01:00]} a3 {[%emt 0:00:33]} 37. Ra2 {[%emt 0:00:08]} Bd6 {[%emt 0:03:00]} 38. Nd2 Bb4 {[%emt 0:02:34]} 39. Bg2 {[%emt 0:01:03]} Bg4 {[%emt 0:02:49]} 40. Qc2 {[%emt 0:00:20]} h5 {[%emt 0:02:30]} 41. Rb1 {[%emt 0:03:16]} fxg3 {[%emt 0:03:44]} 42. hxg3 {[%emt 0:01:00]} h4 {[%emt 0:01:56]} 43. Ne4 {[%emt 0:01:42]} R5g6 {[%emt 0:00:20]} 44. Qb3 {[%emt 0:01:10]} Bc5 {[%emt 0:00:21]} 45. Nxc5 {[%emt 0:00:39]} bxc5 {[%emt 0:00:16]} 46. Qxa3 {[%emt 0:01:12]} hxg3 {[%emt 0:05:48]} 47. fxg3 {[%emt 0:00:18]} Be6 {[%emt 0:02:19]} 48. Qc1 {[%emt 0:03:30]} Qf6 {[%emt 0:05:23]} 49. Rf2 {[%emt 0:02:09]} Qg5 {[%emt 0:00:27]} 50. Qd1 {[%emt 0:03:52]} Qxg3 {[%emt 0:01:07]} 51. Qh5+ {[%emt 0:03:44]} Kg7 {[%emt 0:00:04]} 52. Rb7 {[%emt 0:00:48]} Qe3 {[%emt 0:01:10]} 53. Rb1 {[%emt 0:09:12]} Bd7 {[%emt 0:04:02]} 54. Rbf1 {[%emt 0:02:49]} Rxg2+ {[%emt 0:03:55]} 55. Kxg2 {[%emt 0:00:05]} Kf8+ {[%emt 0:00:13]} 56. Kh1 {[%emt 0:02:02]} Bc6+ {[%emt 0:00:08]} 57. Rg2 {[%emt 0:01:30]} Bxg2+ {[%emt 0:00:13]} 0-1

[Event "WYCC U18 Girls 2019"]
[Site "Mumbai"]
[Date "2019.10.06"]
[Round "6.2"]
[White "Afonasieva, Anna"]
[Black "Muetsch, Annmarie"]
[Result "1-0"]
[WhiteElo "2312"]
[BlackElo "2266"]
[Annotator "NA"]
[PlyCount "102"]
[EventDate "2019.10.02"]
[EventType "swiss"]
[EventCountry "IND"]
[SourceTitle "playchess.com"]
[Source "ChessBase"]
[SourceQuality "1"]
[TimeControl "40/5400+30:1800+30"]

1. d4 {[%emt 0:00:00]} Nf6 {[%emt 0:00:00]} 2. Nf3 {[%emt 0:00:00]} g6 {[%emt 0:00:00]} 3. c4 {[%emt 0:00:00]} Bg7 {[%emt 0:00:00]} 4. g3 {[%emt 0:00:00]} O-O {[%emt 0:00:00]} 5. Bg2 {[%emt 0:00:00]} d6 {[%emt 0:00:19]} 6. O-O {[%emt 0:00:00]} Nc6 {[%emt 0:00:08]} 7. Nc3 {[%emt 0:00:00]} e5 {[%emt 0:00:11]} 8. dxe5 {[%emt 0:01:11]} Nxe5 {[%emt 0:00:17]} 9. Nxe5 {[%emt 0:04:18]} dxe5 {[%emt 0:00:07]} 10. Qxd8 {[%emt 0:00:31]} Rxd8 {[%emt 0:00:06]} 11. Bg5 {[%emt 0:00:20]} Rd4 {[%emt 0:00:09] E62: King's Indian: Fianchetto: 6...c6 and Panno Variation (6...Nc6) without ...a6} 12. Rfd1 {[%emt 0:10:40]} (12. b3 c6 13. Na4 Bf5 14. Nc5 Rb8 15. h3 Nd7 16. e3 Rd6 17. Be7 Rd2 18. Rfd1 Rxd1+ 19. Rxd1 Nxc5 20. Bxc5 {½-½ (42) Dreev,A (2662)-Libiszewski,F (2521) Trieste 2019}) 12... c6 {[%emt 0:01:31]} 13. Rxd4 {[%emt 0:06:13]} exd4 {[%emt 0:00:07]} 14. Rd1 {[%emt 0:01:07]} Be6 $146 {[%emt 0:20:53]} ({Predecessor:} 14... h6 15. Bxf6 Bxf6 16. Ne4 Bg7 17. Nc5 Rb8 18. b4 b6 19. Nb3 {0-1 (38) Risso,F (1713)-Alvarez,L (2086) Rosario 2017}) 15. Bxf6 {[%emt 0:06:57]} Bxf6 {[%emt 0:05:40]} 16. Ne4 {[%emt 0:00:31]} Bg7 {[%emt 0:00:29]} 17. b3 {[%emt 0:00:14]} Rd8 {[%emt 0:01:14]} 18. Nc5 {[%emt 0:05:20]} Bc8 {[%emt 0:02:05]} 19. Bf3 {[%emt 0:03:00]} Bf8 {[%emt 0:05:12]} 20. Nd3 {[%emt 0:00:57]} Bf5 {[%emt 0:01:09]} 21. h4 {[%emt 0:03:55]} h5 {[%emt 0:02:53]} 22. b4 {[%emt 0:07:54]} Bxd3 {[%emt 0:28:35]} 23. Rxd3 {[%emt 0:00:13]} Bxb4 {[%emt 0:00:34]} 24. Rb3 {[%emt 0:00:13]} Bc5 {[%emt 0:00:10]} 25. Rxb7 {[%emt 0:01:14]} d3 {[%emt 0:00:06]} 26. e3 {[%emt 0:11:14]} d2 {[%emt 0:04:33]} 27. Bd1 {[%emt 0:00:20]} a5 {[%emt 0:02:56]} 28. Rb3 {[%emt 0:02:33]} a4 {[%emt 0:12:36]} 29. Rb1 {[%emt 0:01:43]} a3 {[%emt 0:08:34]} 30. Rb3 {[%emt 0:01:59]} Be7 {[%emt 0:00:23]} 31. Kf1 {[%emt 0:01:18]} Rd7 {[%emt 0:01:46]} 32. Ke2 {[%emt 0:00:57]} Kg7 {[%emt 0:00:18]} 33. Bc2 {[%emt 0:00:28]} f6 {[%emt 0:01:23]} 34. Rb6 {[%emt 0:05:37]} Bc5 {[%emt 0:00:34]} 35. Rxc6 {[%emt 0:01:31]} Bb4 {[%emt 0:00:09]} 36. Kd1 {[%emt 0:03:28]} Bc3 {[%emt 0:01:38]} 37. Rb6 {[%emt 0:05:58]} Rc7 {[%emt 0:00:48]} 38. Bb3 {[%emt 0:01:00]} Rc5 {[%emt 0:00:41]} 39. Kc2 {[%emt 0:08:15]} Ba5 {[%emt 0:00:05]} 40. Rb7+ {[%emt 0:03:55]} Kf8 {[%emt 0:00:52]} 41. Kd3 {[%emt 0:30:46]} g5 {[%emt 0:03:46]} 42. Bd1 {[%emt 0:00:00]} g4 {[%emt 0:01:21]} 43. Rb3 $18 {[%emt 0:00:00]} Rf5 {[%emt 0:02:46]} 44. Rxa3 {[%emt 0:00:00]} Ke7 {[%emt 0:00:55]} 45. Ke2 {[%emt 0:00:00]} Rc5 {[%emt 0:01:23]} 46. Rd3 {[%emt 0:00:00]} f5 {[%emt 0:04:38]} 47. Bb3 {[%emt 0:00:00]} Bb4 {[%emt 0:01:28]} 48. Rd5 {[%emt 0:00:00]} Rxd5 {[%emt 0:00:11]} 49. cxd5 {[%emt 0:00:00]} Kd6 {[%emt 0:00:30]} 50. Bc2 {[%emt 0:00:00]} Ke5 {[%emt 0:01:06]} 51. a4 {[%emt 0:00:00]} Kxd5 1-0

[Event "WYCC U18 Girls 2019"]
[Site "Mumbai"]
[Date "2019.10.06"]
[Round "6.3"]
[White "Sliwicka, Alicja"]
[Black "Kucharska, Honorata"]
[Result "1-0"]
[WhiteElo "2307"]
[BlackElo "2114"]
[Annotator "ChessBase"]
[PlyCount "111"]
[EventDate "2019.10.02"]
[EventType "swiss"]
[EventCountry "IND"]
[SourceTitle "playchess.com"]
[Source "ChessBase"]
[SourceQuality "1"]
[TimeControl "40/5400+30:1800+30"]

1. d4 {[%emt 0:00:00]} Nf6 {[%emt 0:00:00]} 2. Nf3 {[%emt 0:00:00]} d5 3. c4 {[%emt 0:00:16]} e6 {[%emt 0:01:20]} 4. Qc2 {[%emt 0:00:30]} Be7 {[%emt 0:00:33]} 5. g3 {[%emt 0:00:13]} O-O {[%emt 0:01:36]} 6. Bg2 {[%emt 0:00:10]} b6 {[%emt 0:04:44]} 7. cxd5 {[%emt 0:05:50]} exd5 {[%emt 0:01:42]} 8. Bf4 {[%emt 0:00:15]} Na6 {[%emt 0:03:21]} 9. Nbd2 {[%emt 0:14:45]} Nb4 {[%emt 0:06:56]} 10. Qb3 {[%emt 0:10:32]} Bf5 {[%emt 0:05:13]} 11. Rc1 {[%emt 0:10:46]} c5 {[%emt 0:03:27]} 12. a3 {[%emt 0:09:35]} Nc6 {[%emt 0:08:40]} 13. O-O {[%emt 0:01:27]} Ne4 {[%emt 0:05:45]} 14. Rfd1 {[%emt 0:06:31]} Na5 {[%emt 0:08:07]} 15. Qa2 {[%emt 0:03:17]} c4 {[%emt 0:02:05]} 16. b4 {[%emt 0:02:19]} cxb3 {[%emt 0:06:37]} 17. Nxb3 {[%emt 0:00:24]} Nc4 {[%emt 0:00:05]} 18. Nbd2 {[%emt 0:01:59]} b5 {[%emt 0:03:22]} 19. Ne5 {[%emt 0:04:37]} Nexd2 {[%emt 0:03:02]} 20. Bxd2 {[%emt 0:03:00]} Rc8 {[%emt 0:01:40]} 21. a4 {[%emt 0:00:53]} f6 {[%emt 0:02:16]} 22. Nd3 {[%emt 0:01:18]} a6 {[%emt 0:03:43]} 23. Nf4 {[%emt 0:00:46]} Be4 {[%emt 0:02:02]} 24. Ne6 {[%emt 0:01:16]} Qd6 {[%emt 0:01:20]} 25. Nxf8 {[%emt 0:00:12]} Bxg2 {[%emt 0:01:28]} 26. Kxg2 {[%emt 0:00:21]} Bxf8 {[%emt 0:00:24]} 27. axb5 {[%emt 0:00:59]} axb5 {[%emt 0:00:29]} 28. Rb1 {[%emt 0:00:52]} Qe6 29. Bb4 {[%emt 0:01:27]} Bxb4 {[%emt 0:05:53]} 30. Rxb4 {[%emt 0:00:07]} Qe8 {[%emt 0:00:22]} 31. Rb3 {[%emt 0:01:53]} f5 {[%emt 0:01:52]} 32. Rf3 {[%emt 0:01:37]} Ra8 {[%emt 0:02:33]} 33. Qc2 {[%emt 0:02:08]} g6 {[%emt 0:00:41]} 34. h4 {[%emt 0:01:32]} Rc8 {[%emt 0:02:23]} 35. Rb3 {[%emt 0:03:52]} Na5 {[%emt 0:03:29]} 36. Rc3 {[%emt 0:00:21]} Nc4 {[%emt 0:00:07]} 37. Rb1 {[%emt 0:01:56]} Ra8 {[%emt 0:00:19]} 38. Qd3 {[%emt 0:01:00]} Ra2 {[%emt 0:01:17]} 39. Qf3 {[%emt 0:02:07]} Qd7 {[%emt 0:00:48]} 40. Qf4 {[%emt 0:02:36]} Qe8 {[%emt 0:01:58]} 41. Rcb3 {[%emt 0:33:59]} Ra5 {[%emt 0:35:42]} 42. h5 {[%emt 0:00:00]} Qxe2 {[%emt 0:00:00]} 43. hxg6 {[%emt 0:00:00]} hxg6 {[%emt 0:00:00]} 44. Qb8+ {[%emt 0:00:00]} Kf7 {[%emt 0:00:00]} 45. Rxb5 {[%emt 0:00:00]} Rxb5 {[%emt 0:00:00]} 46. Qxb5 {[%emt 0:00:00]} Qe4+ {[%emt 0:00:00]} 47. Kg1 {[%emt 0:00:00]} Kg7 {[%emt 0:00:00]} 48. Qb8 {[%emt 0:00:00]} Nd6 {[%emt 0:00:00]} 49. Qc7+ {[%emt 0:00:00]} Kh6 {[%emt 0:00:00]} 50. Qc1+ {[%emt 0:00:00]} Kg7 {[%emt 0:00:00]} 51. Rb6 {[%emt 0:00:00]} Nc4 {[%emt 0:00:00]} 52. Rb7+ {[%emt 0:00:00]} Kf6 {[%emt 0:00:00]} 53. Qh6 {[%emt 0:00:00]} Qe8 {[%emt 0:00:59]} 54. Qh4+ {[%emt 0:00:00]} Ke6 {[%emt 0:00:10]} 55. Qg5 {[%emt 0:00:00]} Nd6 {[%emt 0:01:42]} 56. Rg7 {[%emt 0:00:19]} 1-0

[Event "WYCC U18 Girls 2019"]
[Site "Mumbai"]
[Date "2019.10.06"]
[Round "6.4"]
[White "Munkhzul, Turmunkh"]
[Black "Serikbay, Assel"]
[Result "1/2-1/2"]
[WhiteElo "2332"]
[BlackElo "2208"]
[Annotator "ChessBase"]
[PlyCount "186"]
[EventDate "2019.10.02"]
[EventType "swiss"]
[EventCountry "IND"]
[SourceTitle "playchess.com"]
[Source "ChessBase"]
[SourceQuality "1"]
[TimeControl "40/5400+30:1800+30"]

1. e4 {[%emt 0:00:00]} e6 {[%emt 0:00:00]} 2. d4 {[%emt 0:00:00]} d5 {[%emt 0:00:00]} 3. Nc3 {[%emt 0:00:00]} Bb4 {[%emt 0:00:00]} 4. e5 {[%emt 0:00:08]} c5 {[%emt 0:00:19]} 5. a3 {[%emt 0:00:19]} Bxc3+ {[%emt 0:00:35]} 6. bxc3 {[%emt 0:00:08]} Ne7 {[%emt 0:00:23]} 7. Qg4 {[%emt 0:01:10]} O-O {[%emt 0:01:39]} 8. Bd3 {[%emt 0:00:46]} c4 {[%emt 0:03:21]} 9. Bh6 {[%emt 0:00:55]} Ng6 {[%emt 0:00:48]} 10. Bxg6 {[%emt 0:03:54]} fxg6 {[%emt 0:04:03]} 11. Bd2 {[%emt 0:04:59]} Qe8 {[%emt 0:05:20]} 12. Nh3 {[%emt 0:02:18]} Qf7 {[%emt 0:06:24]} 13. O-O {[%emt 0:01:37]} Nc6 {[%emt 0:03:54]} 14. Rae1 {[%emt 0:07:18]} Qe7 {[%emt 0:14:39]} 15. Bc1 {[%emt 0:02:56]} Nd8 {[%emt 0:06:45]} 16. Ng5 {[%emt 0:02:28]} Nf7 {[%emt 0:10:05]} 17. h4 {[%emt 0:04:18]} Bd7 {[%emt 0:08:04]} 18. f3 {[%emt 0:10:51]} b5 {[%emt 0:07:04]} 19. Nh3 {[%emt 0:19:04]} Nh6 {[%emt 0:12:20]} 20. Qg5 {[%emt 0:02:07]} Qxg5 {[%emt 0:03:05]} 21. Bxg5 {[%emt 0:00:11]} Kf7 {[%emt 0:01:40]} 22. Bd2 {[%emt 0:15:07]} Ke7 {[%emt 0:00:57]} 23. Bg5+ {[%emt 0:01:07]} Ke8 {[%emt 0:00:49]} 24. Rb1 {[%emt 0:01:52]} Bc6 {[%emt 0:01:20]} 25. h5 {[%emt 0:03:09]} Kd7 {[%emt 0:05:11]} 26. hxg6 {[%emt 0:02:11]} hxg6 {[%emt 0:00:02]} 27. Bd2 {[%emt 0:01:45]} Nf5 {[%emt 0:00:36]} 28. Nf4 {[%emt 0:00:33]} Ne7 {[%emt 0:01:46]} 29. Kf2 {[%emt 0:00:38]} Rh8 {[%emt 0:01:13]} 30. Rh1 {[%emt 0:00:36]} Raf8 {[%emt 0:00:57]} 31. g4 {[%emt 0:00:27]} Rb8 {[%emt 0:00:50]} 32. Kg2 {[%emt 0:00:37]} a6 {[%emt 0:00:35]} 33. Rxh8 {[%emt 0:01:03]} Rxh8 {[%emt 0:00:02]} 34. Rh1 {[%emt 0:00:17]} Rxh1 {[%emt 0:01:09]} 35. Kxh1 {[%emt 0:00:05]} Bb7 {[%emt 0:00:07]} 36. Be1 {[%emt 0:00:13]} a5 {[%emt 0:01:14]} 37. Bh4 {[%emt 0:03:38]} g5 {[%emt 0:00:09]} 38. Bxg5 {[%emt 0:00:09]} Nc6 {[%emt 0:00:06]} 39. Ne2 {[%emt 0:00:19]} b4 {[%emt 0:00:20]} 40. cxb4 {[%emt 0:00:09]} axb4 {[%emt 0:00:03]} 41. axb4 {[%emt 0:30:55]} Nxb4 {[%emt 0:30:05]} 42. c3 {[%emt 0:00:10]} Nd3 {[%emt 0:00:00]} 43. Kg2 {[%emt 0:00:00]} Kc6 {[%emt 0:00:00]} 44. Kg3 {[%emt 0:00:00]} Kd7 {[%emt 0:00:00]} 45. Bc1 {[%emt 0:00:00]} Ke7 {[%emt 0:00:00]} 46. Ba3+ {[%emt 0:00:00]} Kf7 {[%emt 0:00:00]} 47. Ng1 {[%emt 0:00:00]} Bc6 {[%emt 0:00:00]} 48. Nh3 {[%emt 0:00:00]} Kg6 {[%emt 0:00:00]} 49. f4 {[%emt 0:00:00]} Bd7 {[%emt 0:00:00]} 50. Ng5 {[%emt 0:00:00]} Bc8 {[%emt 0:00:00]} 51. Nf3 {[%emt 0:00:00]} Kf7 {[%emt 0:00:00]} 52. Ng5+ {[%emt 0:00:00]} Kg6 {[%emt 0:00:00]} 53. Kf3 {[%emt 0:00:00]} Bd7 {[%emt 0:00:00]} 54. Ke3 {[%emt 0:00:00]} Bc8 {[%emt 0:00:00]} 55. Bf8 {[%emt 0:00:00]} Bd7 {[%emt 0:00:00]} 56. Be7 {[%emt 0:00:00]} Bc8 {[%emt 0:00:00]} 57. Bd8 {[%emt 0:00:00]} Bd7 {[%emt 0:00:00]} 58. Kf3 {[%emt 0:00:00]} Bc8 {[%emt 0:00:00]} 59. Kg3 {[%emt 0:00:00]} Bd7 {[%emt 0:00:00]} 60. Nf3 {[%emt 0:00:00]} Kf7 {[%emt 0:00:00]} 61. Ba5 {[%emt 0:00:00]} Bc8 {[%emt 0:00:00]} 62. Nh4 {[%emt 0:00:00]} g6 {[%emt 0:00:00]} 63. Nf3 {[%emt 0:00:00]} Bd7 {[%emt 0:00:00]} 64. Ng5+ {[%emt 0:00:00]} Kg7 {[%emt 0:00:00]} 65. Nh3 {[%emt 0:00:00]} Kf7 {[%emt 0:00:00]} 66. Kh4 {[%emt 0:00:00]} Kg7 {[%emt 0:00:00]} 67. Bd8 {[%emt 0:00:00]} Kh6 {[%emt 0:04:05]} 68. Bf6 {[%emt 0:00:00]} Bc8 {[%emt 0:01:21]} 69. Be7 {[%emt 0:00:00]} Kg7 {[%emt 0:01:10]} 70. Kg5 {[%emt 0:00:00]} Ne1 {[%emt 0:01:31]} 71. Ng1 {[%emt 0:00:00]} Bd7 {[%emt 0:00:58]} 72. Kh4 {[%emt 0:00:00]} Kf7 {[%emt 0:00:22]} 73. Bf6 {[%emt 0:00:00]} Ng2+ {[%emt 0:01:39]} 74. Kg3 {[%emt 0:00:00]} Ne3 {[%emt 0:00:15]} 75. Ne2 {[%emt 0:00:00]} Nf1+ {[%emt 0:02:09]} 76. Kf2 {[%emt 0:00:00]} Nd2 {[%emt 0:00:18]} 77. Ke3 {[%emt 0:00:00]} Nf1+ {[%emt 0:00:06]} 78. Kf2 {[%emt 0:00:00]} Nd2 {[%emt 0:00:07]} 79. Bd8 {[%emt 0:00:00]} Ne4+ {[%emt 0:00:17]} 80. Ke3 {[%emt 0:00:03]} Ba4 {[%emt 0:01:21]} 81. Bh4 {[%emt 0:07:16]} Bd1 {[%emt 0:00:29]} 82. Be1 {[%emt 0:00:07]} Ke8 {[%emt 0:02:26]} 83. g5 {[%emt 0:03:06]} Bxe2 {[%emt 0:01:24]} 84. Kxe2 {[%emt 0:00:05]} Kd7 {[%emt 0:00:15]} 85. Kd1 {[%emt 0:00:04]} Kc6 {[%emt 0:00:09]} 86. Kc2 {[%emt 0:00:03]} Kc7 {[%emt 0:00:28]} 87. Kb2 {[%emt 0:00:05]} Kc6 {[%emt 0:00:07]} 88. Ka2 {[%emt 0:00:06]} Kb6 {[%emt 0:00:43]} 89. Ka3 {[%emt 0:00:16]} Kb5 {[%emt 0:00:13]} 90. Kb2 {[%emt 0:00:02]} Kc6 {[%emt 0:00:04]} 91. Kc2 {[%emt 0:00:03]} Kd7 {[%emt 0:00:11]} 92. Kc1 {[%emt 0:00:50]} Kc6 {[%emt 0:00:13]} 93. Kb2 {[%emt 0:00:11]} Kb6 {[%emt 0:00:05]} 1/2-1/2

[Event "WYCC U18 Girls 2019"]
[Site "Mumbai"]
[Date "2019.10.06"]
[Round "6.5"]
[White "Azali, Tannaz"]
[Black "Schulze, Lara"]
[Result "0-1"]
[WhiteElo "2022"]
[BlackElo "2327"]
[Annotator "ChessBase"]
[PlyCount "88"]
[EventDate "2019.10.02"]
[EventType "swiss"]
[EventCountry "IND"]
[SourceTitle "playchess.com"]
[Source "ChessBase"]
[SourceQuality "1"]
[TimeControl "40/5400+30:1800+30"]

1. d4 {[%emt 0:00:00]} Nf6 {[%emt 0:00:00]} 2. c4 {[%emt 0:00:00]} e6 {[%emt 0:00:00]} 3. Nc3 {[%emt 0:00:00]} Bb4 {[%emt 0:00:00]} 4. Qc2 {[%emt 0:00:05]} b6 {[%emt 0:00:00]} 5. e4 {[%emt 0:01:40]} c5 {[%emt 0:00:35]} 6. d5 {[%emt 0:02:37]} Qe7 {[%emt 0:00:27]} 7. Be2 {[%emt 0:08:58]} d6 {[%emt 0:02:16]} 8. Nf3 {[%emt 0:05:27]} O-O {[%emt 0:01:16]} 9. O-O {[%emt 0:00:48]} Bxc3 {[%emt 0:00:17]} 10. bxc3 {[%emt 0:00:07]} exd5 {[%emt 0:00:14]} 11. exd5 {[%emt 0:00:26]} Bf5 {[%emt 0:00:22]} 12. Qxf5 {[%emt 0:12:04]} Qxe2 {[%emt 0:01:17]} 13. Bh6 {[%emt 0:01:22]} Qe4 {[%emt 0:00:27]} 14. Qxe4 {[%emt 0:03:59]} Nxe4 {[%emt 0:00:02]} 15. Bf4 {[%emt 0:00:25]} Nd7 {[%emt 0:03:51]} 16. Rfe1 {[%emt 0:03:22]} Rfe8 {[%emt 0:13:30]} 17. Re3 {[%emt 0:06:54]} f5 {[%emt 0:05:30]} 18. a4 {[%emt 0:11:37]} Kf7 {[%emt 0:06:31]} 19. Rae1 {[%emt 0:06:14]} Ndf6 {[%emt 0:08:21]} 20. h3 {[%emt 0:05:29]} h6 {[%emt 0:03:56]} 21. g4 {[%emt 0:07:30]} g5 {[%emt 0:05:08]} 22. Bh2 {[%emt 0:00:09]} f4 {[%emt 0:00:50]} 23. Rd3 {[%emt 0:00:08]} Nd7 {[%emt 0:04:11]} 24. Kg2 {[%emt 0:06:47]} Rad8 {[%emt 0:20:21]} 25. Rb1 {[%emt 0:02:59]} Nef6 {[%emt 0:05:01]} 26. Rb2 {[%emt 0:02:53]} Re4 {[%emt 0:02:16]} 27. Nd2 {[%emt 0:04:36]} Re2 {[%emt 0:07:40]} 28. Kf1 {[%emt 0:00:08]} Rde8 {[%emt 0:00:16]} 29. Rb1 {[%emt 0:00:07]} R2e7 {[%emt 0:00:40]} 30. Nf3 {[%emt 0:00:16]} Ne5 {[%emt 0:01:13]} 31. Nxe5+ {[%emt 0:00:06]} Rxe5 {[%emt 0:00:07]} 32. a5 {[%emt 0:01:09]} Nd7 {[%emt 0:03:42]} 33. Rd2 {[%emt 0:01:39]} Re4 {[%emt 0:00:44]} 34. Ra2 {[%emt 0:00:06]} Rxc4 {[%emt 0:01:24]} 35. axb6 {[%emt 0:00:08]} axb6 {[%emt 0:00:04]} 36. Ra7 {[%emt 0:00:07]} Re7 {[%emt 0:00:15]} 37. Rb3 {[%emt 0:00:06]} Rce4 {[%emt 0:00:50]} 38. Rc7 {[%emt 0:00:57]} Kf6 {[%emt 0:02:37]} 39. Kg2 {[%emt 0:01:36]} Ra4 {[%emt 0:01:11]} 40. Rb2 {[%emt 0:01:29]} Ne5 {[%emt 0:01:00]} 41. Rxe7 {[%emt 0:30:23]} Kxe7 {[%emt 0:03:11]} 42. Rxb6 {[%emt 0:00:00]} Ra3 {[%emt 0:01:43]} 43. Rb7+ {[%emt 0:00:00]} Kf6 {[%emt 0:00:26]} 44. Rh7 {[%emt 0:00:00]} Nf7 {[%emt 0:00:47]} 0-1

[Event "WYCC U18 Girls 2019"]
[Site "Mumbai"]
[Date "2019.10.06"]
[Round "6.6"]
[White "Vantika Agrawal"]
[Black "Harshini A"]
[Result "1-0"]
[WhiteElo "2283"]
[BlackElo "2230"]
[Annotator "ChessBase"]
[PlyCount "75"]
[EventDate "2019.10.02"]
[EventType "swiss"]
[EventCountry "IND"]
[SourceTitle "playchess.com"]
[Source "ChessBase"]
[SourceQuality "1"]
[TimeControl "40/5400+30:1800+30"]

1. Nf3 {[%emt 0:00:00]} d5 {[%emt 0:00:00]} 2. d4 {[%emt 0:00:41]} Nf6 {[%emt 0:00:11]} 3. c4 {[%emt 0:00:05]} g6 {[%emt 0:00:06]} 4. cxd5 {[%emt 0:03:37]} Nxd5 {[%emt 0:00:34]} 5. e4 {[%emt 0:04:41]} Nb6 {[%emt 0:00:05]} 6. a4 {[%emt 0:04:20]} a5 {[%emt 0:00:31]} 7. h3 {[%emt 0:04:32]} Bg7 {[%emt 0:00:14]} 8. Bb5+ {[%emt 0:01:28]} Bd7 {[%emt 0:02:16]} 9. Be2 {[%emt 0:03:57]} O-O {[%emt 0:07:53]} 10. O-O {[%emt 0:00:48]} Nc6 {[%emt 0:00:47]} 11. Nc3 {[%emt 0:00:56]} Nb4 {[%emt 0:02:08]} 12. Bf4 {[%emt 0:13:43]} c6 {[%emt 0:01:19]} 13. Na2 {[%emt 0:14:38]} Nxa2 {[%emt 0:02:58]} 14. Rxa2 {[%emt 0:00:04]} Be6 {[%emt 0:00:04]} 15. Ra1 {[%emt 0:04:10]} h6 {[%emt 0:07:51]} 16. Qc1 {[%emt 0:10:55]} Kh7 {[%emt 0:00:18]} 17. d5 {[%emt 0:02:43]} Bd7 {[%emt 0:00:52]} 18. Rd1 {[%emt 0:05:33]} Rc8 {[%emt 0:06:05]} 19. d6 {[%emt 0:03:32]} exd6 {[%emt 0:05:32]} 20. Bxd6 {[%emt 0:00:20]} Re8 {[%emt 0:00:05]} 21. Qc2 {[%emt 0:07:58]} Be6 {[%emt 0:10:48]} 22. Rd2 {[%emt 0:02:41]} Ra8 {[%emt 0:09:03]} 23. Rad1 {[%emt 0:01:14]} Qc8 {[%emt 0:00:24]} 24. Nd4 {[%emt 0:00:52]} Bf8 {[%emt 0:11:15]} 25. Nxe6 {[%emt 0:01:23]} Qxe6 {[%emt 0:00:48]} 26. Bc7 {[%emt 0:00:27]} Nc8 {[%emt 0:08:36]} 27. f3 {[%emt 0:00:29]} Bb4 {[%emt 0:05:20]} 28. Bc4 {[%emt 0:03:04]} Qf6 {[%emt 0:04:35]} 29. Rd7 {[%emt 0:00:24]} Ne7 {[%emt 0:01:31]} 30. f4 {[%emt 0:01:21]} Kg8 {[%emt 0:04:11]} 31. Be5 {[%emt 0:03:05]} Qh4 {[%emt 0:00:06]} 32. Kh2 {[%emt 0:00:41]} Be1 {[%emt 0:07:09]} 33. Qb3 {[%emt 0:00:24]} Qf2 {[%emt 0:01:23]} 34. Bxf7+ {[%emt 0:00:17]} Kf8 {[%emt 0:00:04]} 35. Rxe1 {[%emt 0:01:48]} Qxe1 {[%emt 0:00:14]} 36. Bxe8 {[%emt 0:00:34]} Kxe8 {[%emt 0:01:53]} 37. Qe6 {[%emt 0:00:13]} Qb4 {[%emt 0:00:43]} 38. Bd6 {[%emt 0:00:13]} 1-0